Catálogo

La autonomía universitaria en México : (Registro nro. 26441)

Detalles MARC
000 -LEADER
fixed length control field 00726nam a2200205 a 4500
001 - CONTROL NUMBER
control field 26441
003 - CONTROL NUMBER IDENTIFIER
control field Mx-PuUPA
005 - DATE AND TIME OF LATEST TRANSACTION
control field 20251002133305.0
008 - FIXED-LENGTH DATA ELEMENTS--GENERAL INFORMATION
fixed length control field 140415s2017 mx gr 000 0 spa d
020 ## - INTERNATIONAL STANDARD BOOK NUMBER
International Standard Book Number 9786075241197
040 ## - CATALOGING SOURCE
Transcribing agency Mx-PuUPA
041 0# - LANGUAGE CODE
Language code of text/sound track or separate title spa
082 04 - DEWEY DECIMAL CLASSIFICATION NUMBER
Classification number xx
Item number xx
Edition number 23
245 ## - TITLE STATEMENT
Title La autonomía universitaria en México :
Remainder of title de la experiencia nicolaita de 1917 al México del siglo XXI /
Statement of responsibility, etc. Jaime Hernández Díaz, Héctor Pérez Pintor, coordinadores
250 ## - EDITION STATEMENT
Edition statement Primera edición /
Remainder of edition statement marzo
264 #1 - PRODUCTION, PUBLICATION, DISTRIBUTION, MANUFACTURE, AND COPYRIGHT NOTICE
Place of production, publication, distribution, manufacture Ciudad de México :
Name of producer, publisher, distributor, manufacturer Miguel Ángel Porrúa,
Date of production, publication, distribution, manufacture, or copyright notice ©2017
300 ## - PHYSICAL DESCRIPTION
Extent 263 páginas ;
Dimensions 29 cm
942 ## - ADDED ENTRY ELEMENTS (KOHA)
Source of classification or shelving scheme Dewey Decimal Classification
Koha item type Libro
Classification part xx
Item part xx
Existencias
Withdrawn status Lost status Source of classification or shelving scheme Damaged status Not for loan Collection code Home library Current library Shelving location Date acquired Source of acquisition Total Checkouts Full call number Barcode Price effective from Koha item type
    Dewey Decimal Classification   En catalogación General Biblioteca Karol Wojtyla Biblioteca Karol Wojtyla Procesos técnicos 03/12/2013 Donación   xx 49125 03/12/2013 Libro